| 000 | 00703nam a2200253Ia 4500 | ||
|---|---|---|---|
| 005 | 20250425162629.0 | ||
| 008 | 250425s9999 xx 000 0 und d | ||
| 020 | _a9789942113948 | ||
| 041 | _aspa | ||
| 082 |
_a986.605 _pBON |
||
| 100 | _aBonfanti Habze, Enrico | ||
| 245 | 0 |
_aAl encuentro de la fragua de vulcano _cEnrico, Bonfanti Habze |
|
| 250 | _aPrimera edición | ||
| 260 |
_aEcuador _bMunicipio de Guayaquil _c2012 |
||
| 300 |
_a192 página _bilustración _c29 cm |
||
| 500 | _aIncluye indice | ||
| 504 | _abibliografía | ||
| 650 | _aGuayaquil - Historia | ||
| 650 | _aIndependencia | ||
| 650 | _aOrigen | ||
| 902 |
_aMonográfico _cImpresión |
||
| 942 | _c01 | ||
| 010 | _a91456 | ||
| 999 |
_c233224 _d233224 |
||